000 00613nam a2200217 i 4500
001 bg
100 1 _aKARASIEWICZ, Grzegorz
245 1 0 _aMarketingowe strategie cen /
_cGrzegorz Karasiewicz.
260 _aWarszawa :
_bPolskie Wydaw. Ekonomiczne,
_c1997.
300 _a303, [1] s. :
_bwykr. ;
_c21 cm.
504 _aBibliogr. s. 297-299. - Indeks.
650 9 _aCeny
_xmarketing
655 _aPodręczniki akademickie
020 _a8320810833
040 _cBPK
041 0 _apl
080 _a338.5:339.138](075.8)
920 _a83-208-1083-3
942 _cKS
008 s pl f |000 0 pol
999 _c33347
_d33347
856 _uhttp://koha.tu.koszalin.pl/cgi-bin/koha/opac-detail.pl?biblionumber=33347
_yKatalog online BPK